000 00247nam a2200109Ia 4500
008 190216s9999||||xx |||||||||||||| ||und||
100 _aJidendra Varma
245 0 _aHindi-Sursagar Sar
260 _bSahithya Bhavan
650 _aHindi
942 _cBK
999 _c15370
_d15370